LEADER 01751nas# 2200337 i 450 001 SUN0000496 005 20200513010351.945 010 $d0.00 011 $a0048-8372 017 70$20$a0004-511X 100 $a20020610a1949 |0itac50 ba 101 $aita 102 $aIT 105 $a|||| ||||| 110 $aaQ||||||||| 200 1 $a*Rivista di diritto sportivo$erassegna trimestrale di dottrina e giurisprudenza$fedita dal Comitato olimpico nazionale italiano 205 $a A. 1, n. 1/2 (gen./giu. 1949)-a. 53, n. 1/2 (gen./apr. 2001)$gnuova serie, n. 1 (2012)- 207 $aRoma : [s. n.], 1949- 210 $avolumi$a24 cm 215 $aPoi editore: Milano$cGiuffrè; poi Soveria Mannelli$cCONI 606 $aSport$xDiritto$xPeriodici$2FI$3SUNC022730 620 $dRoma$3SUNL000360 676 $a344.4509905$cDiritto in materia di attività ricreative. Italia. Pubblicazioni in serie$v20 712 02$aComitato olimpico nazionale italiano$3SUNV000388 801 $aIT$bSOL$c20200518$gRICA 856 4 $uhttp://www.rivistadirittosportivo.it/HomePage 899 $aUFFICIO DI BIBLIOTECA DEL DIPARTIMENTO DI GIURISPRUDENZA$2SUN00$41994-1997;$cSALA ROSSA sc. 1 ; 912 $aSUN0000496 950 $aUFFICIO DI BIBLIOTECA DEL DIPARTIMENTO DI GIURISPRUDENZA$b001994-1997;$d00RIV SALA ROSSA sc. 1 1994 $e00RIV1835 20131213 $d00RIV SALA ROSSA sc. 1 1995 $e00RIV1836 20131213 $d00RIV SALA ROSSA sc. 1 1996 $e00RIV1837 20131213 $d00RIV SALA ROSSA sc. 1 1997 $e00RIV1838 20131213 996 $aRivista di diritto sportivo$9789267 997 $aUNICAMPANIA LEADER 01396nam 2200349Ia 450 001 996389534303316 005 20221108085237.0 035 $a(CKB)1000000000645589 035 $a(EEBO)2248508422 035 $a(UnM)9928825300971 035 $a(UnM)99896621 035 $a(EXLCZ)991000000000645589 100 $a19981120d1641 uy | 101 0 $aeng 135 $aurbn||||a|bb| 200 14$aThe righteous mans tovver. Or, the vvay to be safe in a case of danger. By Ier. Dike, minister of Epping in Essex$b[electronic resource] 210 $aLondon $cprinted by R.H. for I. Rothwell, and are to be sold at his shop, at the signe of the Sunne, in S. Pauls CHurch-yard$d1641 215 $a[16], 78, [2], 87-162 p 300 $aText continuous despite pagination. 300 $a'The righteous mans honour .. 1641' has separate dated title page; pagination and register are continuous. 300 $aReproduction of the original in the British Library. 330 $aeebo-0028 606 $aChristian life$vEarly works to 1800 615 0$aChristian life 700 $aDyke$b Jeremiah$f1584-1639.$01001094 801 0$bCu-RivES 801 1$bCu-RivES 801 2$bWaOLN 906 $aBOOK 912 $a996389534303316 996 $aThe righteous mans tovver. Or, The vvay to be safe in a case of danger. By Ier. Dike, minister of Epping in Essex$92363963 997 $aUNISA